Management, machines, and methods in civil engineering /

Bibliographic Details
Main Author: Christian, John, 1938-
Format: Book
Language:English
Published: New York : Wiley, [1981]
Series:Construction management and engineering.
Subjects:

MARC

Tag First Indicator Second Indicator Subfields
LEADER 00000pam a2200000 a 4500
001 in00000077802
005 20151008053844.0
008 810305s1981 nyua b 00110 eng
010 |a  81002434  
020 |a 0471063347 
035 |a (OCoLC)07277883 
035 |9 AAH8868AM 
039 0 |a 2  |b 3  |c 3  |d 3  |e 3 
040 |a DLC  |c DLC  |d TXA  |d UtOrBLW 
049 |a TXAM  |c [1195940] 
050 0 0 |a TA145  |b .C53 
082 0 |a 624  |2 19 
100 1 |a Christian, John,  |d 1938- 
245 1 0 |a Management, machines, and methods in civil engineering /  |c John Christian. 
264 1 |a New York :  |b Wiley,  |c [1981] 
264 4 |c ©1981 
300 |a xix, 360 pages :  |b illustrations ;  |c 24 cm. 
336 |a text  |b txt  |2 rdacontent 
337 |a unmediated  |b n  |2 rdamedia 
338 |a volume  |b nc  |2 rdacarrier 
490 1 |a Construction management and engineering,  |x 0193-9750 
500 |a "A Wiley-Interscience publication." 
504 |a Includes bibliographical references and index. 
650 0 |a Civil engineering. 
830 0 |a Construction management and engineering. 
999 |a MARS 
999 f f |s a7b1e3a7-e74f-3bbf-a009-403651a651e6  |i bf513357-12b1-3962-9112-f0c6f6ab613a  |t 0 
952 f f |p ric  |a Texas A&M University  |b Rellis Campus  |c Joint Library Facility  |d Remote Storage  |t 0  |e TA145 .C53  |h Library of Congress classification  |i unmediated -- volume  |m A14806241067 
998 f f |a TA145 .C53  |t 0  |l Remote Storage